Loading...
| Science - Other | 0 | 6 | 2 | 0 | 50 | 62 | 79.00 | 2 | 5 | 0.00 | 0.00 |
| Fine Arts - Classical Music | 0 | 5 | 1 | 1 | 45 | 45 | 78.40 | 2 | 5 | 0.00 | 0.00 |
| Science - Physics | 0 | 4 | 0 | 1 | 40 | 83 | 106.00 | 0 | 3 | 0.00 | 0.00 |
| Fine Arts - Other | 0 | 4 | 1 | 0 | 35 | 92 | 100.25 | 2 | 4 | 0.00 | 0.00 |
| Fine Arts - Painting and Sculpture | 0 | 3 | 0 | 0 | 30 | 83 | 97.33 | 0 | 2 | 0.00 | 0.00 |
| Science - Biology | 0 | 2 | 0 | 1 | 20 | 90 | 112.50 | 0 | 1 | 0.00 | 0.00 |
| Science - Chemistry | 0 | 2 | 0 | 0 | 20 | 67 | 78.00 | 0 | 2 | 0.00 | 0.00 |
| Current Events | 0 | 1 | 0 | 0 | 10 | 98 | 98.00 | 0 | 1 | 0.00 | 0.00 |
| History - American | 0 | 1 | 0 | 1 | 10 | 131 | 131.00 | 0 | 1 | 0.00 | 0.00 |
| History - European | 0 | 1 | 0 | 0 | 10 | 87 | 87.00 | 0 | 1 | 0.00 | 0.00 |
| History - Other | 0 | 1 | 0 | 0 | 10 | 96 | 96.00 | 0 | 1 | 0.00 | 0.00 |
| Literature - British | 0 | 1 | 0 | 0 | 10 | 76 | 76.00 | 0 | 1 | 0.00 | 0.00 |
| Other Academic | 0 | 1 | 0 | 0 | 10 | 99 | 99.00 | 0 | 1 | 0.00 | 0.00 |
| Religion | 0 | 1 | 0 | 1 | 10 | 129 | 129.00 | 0 | 0 | 0.00 | 0.00 |
| Social Science | 0 | 0 | 1 | 0 | -5 | 0.00 | 0 | 0 | 0.00 | 0.00 |